Normal view
MARC view
- الشعر العربي - الشعراء العرب - تراجم - الأردن - قلعة عجلون
Entry Topical Term
001 - CONTROL NUMBER
- control field: 43258
003 - CONTROL NUMBER IDENTIFIER
- control field: JO-AjAnu
005 - DATE AND TIME OF LATEST TRANSACTION
- control field: 20230606081154.0
008 - FIXED-LENGTH DATA ELEMENTS
- fixed length control field: 230606|| aca||aabn | a|a d
040 ## - CATALOGING SOURCE
- Original cataloging agency: JO-AjAnu
- Transcribing agency: JO-AjAnu
150 ## - HEADING--TOPICAL TERM
- Topical term or geographic name entry element: الشعر العربي - الشعراء العرب - تراجم - الأردن - قلعة عجلون
670 ## - SOURCE DATA FOUND
- Source citation: Work cat.: (JO-AjAnu)22152: تحقيق وتقديم المومني، قاسم ؛ فخري كتاني, author 43257, شعراء عاشوا في قلعة عجلون في القرنين السابع والثامن الهجريين